Statistics for Characters from the Godfather

Click here to take the quiz!

General Stats

  • This quiz has been taken 2,921 times
    (2,920 since last reset)
  • The average score is 11 of 26

Answer Stats

Description Answer % Correct
WWII Marine veteran and future GodfatherMichael
96%
"The Godfather"Vito
95%
The Godfather's oldest sonSonny
92%
He broke his brother's heartFredo
82%
Adopted by the Corleones; serves as consiglieriTom Hagen
73%
The trilogy begins on her wedding dayConnie
59%
Michael's American wifeKay
58%
Corleone enforcer; he now "sleeps with the fishes"Luca Brasi
56%
Runs a Las Vegas hotel for the CorleonesMoe Greene
50%
Short, fat, and loyal caporegimeClemenza
47%
Wife-beating son-in-lawCarlo Rizzi
46%
Tall, morose, and smarter caporegimeSal Tessio
43%
Sicilian bride killed in a car explosionApollonia
39%
Rival family head who plots against the CorleonesEmilio Barzini
33%
Miami-based Mafia financierHyman Roth
32%
Known as "The Turk"; he's in the narcotics businessVirgil Solozzo
32%
Rival family head who specializes in prostitutionPhilip Tattaglia
29%
Former cop; now Michael's bodyguardAl Neri
28%
Corrupt NYC police captainCapt. McCluskey
24%
Son of Sonny and his mistress LucyVincent Mancini
22%
The Godfather's oilve oil business partnerGenco Abbandando
22%
Movie producer who has a really bad morningJack Woltz
21%
Caporegime who replaces his heavier brotherFrank Pentangeli
21%
Michael's daughter who really loves her cousin!Mary
20%
New capo introduced in Godfather IIRocco Lampone
14%
Senator entrapped by the CorleonesSen. Pat Geary
12%

Score Distribution

Percentile by Number Answered

Percent of People with Each Score

Your Score History

You have not taken this quiz since the last reset